00742nam a2200217Ia 4500003000400000005001700004008004100021020001800062040001800080041000800098082002300106100002400129245017800153250001200331260004400343300002700387650002100414650002600435650004000461700002300501OSt20251029111741.0210716s2016 xx 000 0 und d a9781785889462 cAIMIT LIBRARY aeng a005.7689 22bSIGB aSigman, Betsy Page. aSplunk essentials : bfast paced and practical guide to demystifying big data and transforming it into operational intelligence /cBy Betsy Page Sigman and Erickson Delgado. a2nd ed. aMumbai :bPackt Publishing Ltd ,c2016. aiv, 221p. ;bPBc24 cm aBringing in data aData models and pivot aBest practices and advanced queries aDelgado, Erickson.